| 000 | 00734cam9a220022900 4500 | ||
|---|---|---|---|
| 001 | lce02384112 | ||
| 005 | 20190822125225.0 | ||
| 008 | 770121s1962 jm 000 0 eng | ||
| 010 | _a 63023914 | ||
| 035 | _a(Sirsi) r9818 | ||
| 035 | _a(DLC) 63023914 | ||
| 035 | _a(UPRA)lce02384112 | ||
| 040 |
_aDLC _cIEN _dDLC |
||
| 050 | 0 | 0 |
_aPR6053.A45 _bJ3 |
| 100 | 1 |
_aCameron, Norman Eustace. _6A10534.1 |
|
| 245 | 1 | 0 |
_aJamaica Joe, _ba play in three acts. |
| 260 |
_a[Brickdam? British Guiana] _bDe Souza's Printery _c[1962 or 3] |
||
| 500 | _aCover title. | ||
| 500 | _a"First presented at Queen's College, Brickdam, on September 5th, 6th, 7th, 1946." | ||
| 949 |
_aPR6053.A45 _wlcc _i-1335 _mMAIN _tBOOK _lON-SHELF |
||
| 004 | 9818 | ||
| 999 |
_c136903 _d136903 |
||